| 000 | 01052nam a2200217Ia 4500 | ||
|---|---|---|---|
| 999 |
_c36833 _d36833 |
||
| 001 | 2779 | ||
| 003 | GE_BSU | ||
| 005 | 20190507153330.0 | ||
| 008 | 181216s1997||||ge |||||||||||||| ||geo|| | ||
| 040 | _cGE_BSU | ||
| 080 | _a338(100)(075.8) ძ–71 | ||
| 100 |
_aძნელაძე, დავით _9898 |
||
| 245 |
_aმსოფლიო ეკონომიკა : ლექციების კურსი / _cდავით ძნელაძე ; რედ : თენგიზ დემეტრაშვილი |
||
| 264 |
_aთბილისი .: _bთსუ-ს სტ, _c1997. |
||
| 300 |
_a448 გვ. ; _c22სმ. |
||
| 504 | _aბიბლიოგრ.: გვ. 444-446. | ||
| 653 | _aეკონომიკის სახელმძღვანელოები უმაღლესი სასწავლებლებისათვის | ||
| 653 | _aეკონომიკა | ||
| 700 |
_aდემეტრაშვილი, თენგიზ _eრედაქტორი _9899 |
||
| 942 |
_cBK _2udc |
||